| 000 | 00757cam a22002294a 4500 | ||
|---|---|---|---|
| 001 | 13728976 | ||
| 003 | OSt | ||
| 005 | 20150909150330.0 | ||
| 008 | 040923s2000 xxua 000 0 eng | ||
| 010 | _a 2004556576 | ||
| 040 | _aSEKU | ||
| 050 | 0 | 0 |
_aTK 168 _b.A5 2000 |
| 110 | 2 | _aNational Joint Apprenticeship and Training Committee for the Electrical Industry. | |
| 245 | 1 | 0 |
_aMathematics essential for the electrical trades / _cNJATC. |
| 250 | _a2nd ed. | ||
| 260 |
_a[United States?] : _bNational Joint Apprenticeship and Training Committee, _cc2000. |
||
| 300 |
_avarious pagings : _bcol. ill. ; |
||
| 650 | 0 |
_aElectrical engineering _xMathematics _vTextbooks. |
|
| 650 | 0 |
_aMathematics _vTextbooks. |
|
| 700 | _aAnderson, Steve | ||
| 942 |
_2lcc _cGEN |
||
| 999 |
_c8642 _d8642 |
||